Value Added Tax Efficiency. A Study of the Slovak Republic
Analyzovanie efektívnosti dane z pridanej hodnoty v podmienkach Slovenskej republiky na základe aplikácie modifikovanej metodiky výpočtu efektívnosti DPH podľa Mendoza-Razin-Tesar. Metodika Mendoza - Rasin - Tesar je široko používaná na skúmanie daňovej efektívnosti vybranej dane. Práca je založená...
Guardado en:
| Autor principal: | |
|---|---|
| Formato: | Capítulo de libro |
| Lenguaje: | inglés |
| Materias: | |
| Etiquetas: |
Sin Etiquetas, Sea el primero en etiquetar este registro!
|
MARC
| LEADER | 00000naa a2200000 4500 | ||
|---|---|---|---|
| 001 | 0314813 | ||
| 005 | 20260209132642.3 | ||
| 041 | 0 | |a eng | |
| 044 | |a SK | ||
| 245 | 1 | 0 | |a Value Added Tax Efficiency. A Study of the Slovak Republic |c Róbert Oravský |
| 520 | |a Analyzovanie efektívnosti dane z pridanej hodnoty v podmienkach Slovenskej republiky na základe aplikácie modifikovanej metodiky výpočtu efektívnosti DPH podľa Mendoza-Razin-Tesar. Metodika Mendoza - Rasin - Tesar je široko používaná na skúmanie daňovej efektívnosti vybranej dane. Práca je založená na verejne dostupných údajoch z Inštitútu finančnej politiky Ministerstva financií Slovenskej republiky za obdobie rokov 2005 až 2019. Na základe zvolenej metodiky a údajov sa stanovila efektívna sadzba DPH pre podmienky Slovenskej republiky, ktorá sa za vybrané obdobie pohybovala od 13,35 % do 17,47 %. Zistenia boli následne porovnané s inými krajinami, predovšetkým krajinami V4. | ||
| 610 | 2 | 0 | |a efektívnosť |
| 610 | 2 | 0 | |a dane z hodnoty pridanej |
| 610 | 2 | 0 | |a metodológia |
| 610 | 2 | 0 | |a porovnanie medzinárodné |
| 610 | 2 | 0 | |a Slovensko |
| 610 | 2 | 0 | |a Vyšehradská štvorka |
| 100 | 1 | |a Oravský, Róbert | |